Bases teóricas del entrenamiento deportivo (principios y aplicaciones) (Registro nro. 83114)

Detalles MARC
000 -ENCABEZADO
Número de control [NR] 00950nam a22002537a 4500
008 - DE LONGITUD FIJA DE DATOS DE ELEMENTOS - INFORMACIÓN GENERAL
Elementos de longitud fija [NR] 130821s2000 sp a gr spa
020 ## - NUMERO INTERNACIONAL NORMALIZADO PARA LIBROS [R]
Número Internacional Normalizado del libro [NR] 8480130539
040 ## - FUENTE DE CATALOGACION [NR]
Agencia de catalogación original [NR] Co-BoUCM
Idioma de catalogación [NR] spa
041 00 - CODIGO DE IDIOMA [R]
Código de idioma para texto/pista de sonido o título separado [R] Español
060 00 - SIGNATURA TOPOGRAFICA DE LA BIBLIOTECA NACIONAL DE MEDICINA (NLM) [R]
Número clasificador [R] QT 260
100 1# - ASIENTO PRINCIPAL--NOMBRE PERSONAL [NR]
Nombre personal [NR] García Manso, Juan Manuel
245 10 - MENCION DE TITULO [NR]
Título [NR] Bases teóricas del entrenamiento deportivo (principios y aplicaciones)
Mención de responsabilidad, etc. [NR] Juan Manuel García Manso, Manuel Navarro Valdivieso, José A. Ruiz Caballero,
260 ## - PUBLICACION, DISTRIBUCION, ETC. (PIE DE IMPRENTA) [R]
Lugar de publicación, distribución, etc. [R] Madrid (España)
Nombre del editor, distribuidor, etc. [R] Gymnos Editorial
Fecha de publicación, distribución, etc. [R] 2000
300 ## - DESCRIPCION FISICA [R]
Extensión [R] 518 páginas
Otros detalles físicos [NR] ilustraciones, cuadros, tablas
490 #0 - MENCION DE SERIE [R]
Mención de serie [R] Colección Entrenamiento Deportivo
650 04 - ASIENTO SECUNDARIO DE MATERIA - TERMINO TEMATICO [R]
Término temático o nombre geográfico como elemento de entrada [NR] Deportes
9 (RLIN) 388
650 04 - ASIENTO SECUNDARIO DE MATERIA - TERMINO TEMATICO [R]
Término temático o nombre geográfico como elemento de entrada [NR] Ejercicio
9 (RLIN) 13933
650 04 - ASIENTO SECUNDARIO DE MATERIA - TERMINO TEMATICO [R]
Término temático o nombre geográfico como elemento de entrada [NR] Entrenamiento atlético
9 (RLIN) 14624
650 04 - ASIENTO SECUNDARIO DE MATERIA - TERMINO TEMATICO [R]
Término temático o nombre geográfico como elemento de entrada [NR] Medicina deportiva
9 (RLIN) 19146
700 1# - ASIENTO SECUNDARIO - NOMBRE PERSONAL [R]
Nombre personal [NR] Navarro Valdivieso, Manuel
700 1# - ASIENTO SECUNDARIO - NOMBRE PERSONAL [R]
Nombre personal [NR] Ruíz Caballero, José Antonio
830 ## - ASIENTO SECUNDARIO DE SERIE--TITULO UNIFORME [R]
Título uniforme [NR] Bibliografía Básica Medio Universitario.
942 ## - ELEMENTOS DE ENTRADA AGREGADOS (KOHA)
Tipo de ítem principal el descrito en 300a Libro
Tema principal Medicina
Edición 1
Parte restante de la signatura top. G216b
Sistema de clasificación NLM
Clasificación QT 260
Título oculto en OPAC No
Existencias
Fecha de último préstamo Total préstamos Total Renewals Signatura topográfica Código de barras Última vez visto Ejemplar Price effective from Tipo de ítem Perdido Sistema de clasificación Dañado No prestable Tipo de ítem específico Suprimido Ubicación habitual Ubicación actual Localización Fecha de creación Forma de adquisición Costo
29/09/2022 20 9 QT 260 G216b 200011346 11/12/2025 Ej.2 03/02/2013 Libro   NLM     Libro   Quinta de Mutis Quinta de Mutis 1er piso 28/02/2005   50000.00
13/12/2019 74 6 QT 260 G216b 200019887 11/12/2025 Ej.3 03/02/2013 Libro   NLM     Libro   Quinta de Mutis Quinta de Mutis 1er piso 28/02/2010   45000.00
29/01/2025 78 8 QT 260 G216b 200017794 11/12/2025 Ej.4 03/02/2013 Libro   NLM     Libro   Quinta de Mutis Quinta de Mutis 1er piso 08/02/2008 Compra 41650.00
02/08/2023 133 3 QT 260 G216b 200007066 11/12/2025 Ej.1 03/02/2013 Libro   NLM     Libro   Quinta de Mutis Quinta de Mutis 1er piso 28/02/2003 Compra 45000.00